|
|
|
|
| LEADER |
00000nam0a2200000 4500 |
| 001 |
121168 |
| 005 |
20231031125315.0 |
| 010 |
|
|
|a 5699196307
|
| 035 |
|
|
|a (RuTPU)RU\TPU\book\131202
|
| 090 |
|
|
|a 121168
|
| 100 |
|
|
|a 20070911d2006 m y0rusy50 ca
|
| 101 |
0 |
|
|a rus
|
| 102 |
|
|
|a RU
|
| 105 |
|
|
|a y z 000ay
|
| 200 |
1 |
|
|a Великий розенкрейцер
|e романы
|f В. С. Соловьев
|
| 210 |
|
|
|a Москва
|c Эксмо
|d 2006
|
| 215 |
|
|
|a 640 с.
|
| 225 |
1 |
|
|a Русская классика
|
| 330 |
|
|
|a Россия блистательной эпохи Екатерины II. Граф Калиостро, тайные ордена масонов и розенкрейцеров внедряют опасные мистические учения в умы высшего русского общества, что грозит утерей истинной веры и духовной гибелью. Потому что волхвы — это люди, владеющие тайными знаниями, достигнутыми без Божьей помощи, а значит, их знания могут завести человечество в преисподнюю.
|
| 610 |
1 |
|
|a русская литература
|
| 610 |
1 |
|
|a романы
|
| 610 |
1 |
|
|a исторические романы
|
| 610 |
1 |
|
|a 18 век
|
| 610 |
1 |
|
|a масоны
|
| 610 |
1 |
|
|a тайные общества
|
| 610 |
1 |
|
|a Россия
|
| 675 |
|
|
|a Р2
|v 3
|
| 700 |
|
1 |
|a Соловьев
|b В. С.
|g Всеволод Сергеевич
|
| 801 |
|
1 |
|a RU
|b 63413507
|c 20070911
|g PSBO
|
| 801 |
|
2 |
|a RU
|b 63413507
|c 20080130
|g PSBO
|
| 942 |
|
|
|c BK
|
| 959 |
|
|
|a 55/20070911
|d 1
|e 157,41
|f ХФ:1
|